La pena de multa Estudio sobre su justificacin̤ y la determinacin̤ de su cuanta̕ /

Detalles Bibliográficos
Autor principal: Cardenal Montraveta, Sergi
Formato: eBook
Lenguaje:español
Publicado: Madrid: Marcial Pons, 2020
Materias:
Acceso en línea:Acceso restringido

MARC

LEADER 00000nam a22000007a 4500
005 20211101210828.0
007 cr|||| ||||
008 211101s2020 es |||||s|||| 00||0 spa d
020 |a 978-84-1381-054-6 
035 |a 33665 
040 |a vLex 
090 |c 12614  |d 12614 
100 1 |a Cardenal Montraveta, Sergi 
245 1 2 |a La pena de multa  |h [Recurso electrn̤ico] :  |b Estudio sobre su justificacin̤ y la determinacin̤ de su cuanta̕ /  |c Sergi Cardenal Montraveta 
256 |a Servicio en ln̕ea 
260 |a Madrid:  |b Marcial Pons,  |c 2020 
300 |a 1 recurso electrn̤ico 
500 |a Nadie discute la importancia de la pena de multa desde el punto de vista de la polt̕ica criminal. La mayora̕ de las sentencias condenatorias imponen dicha pena. Pero es un secreto a voces que la aplicacin̤ que nuestros jueces y tribunales hacen de la regulacin̤ de la pena de multa impide que esta despliegue toda su capacidad preventiva y que, en gran parte, ello se debe a que la determinacin̤ de su cuanta̕ no se hace atendiendo efectivamente a la capacidad econm̤ica del penado, como ha previsto el legislador. Con qu ̌criterios debe valorarse la capacidad econm̤ica del reo, al determinar la cuanta̕ de la multa, no es una cuestin̤ pacf̕ica. Y tampoco hay acuerdo sobre cul̀es son los criterios que deben servir para decidir qu ̌pena debe imponerse al condenado cuando, como sucede la mayora̕ de las veces, en relacin̤ con el correspondiente delito, el legislador ha previsto la pena de multa con carc̀ter alternativo. Estas y otras muchas cuestiones de enorme relevancia prc̀tica (como la oportunidad de la subsistencia del sistema de multa proporcional, los criterios de determinacin̤ de la extensin̤ de la pena de multa, las consecuencias que en este m̀bito derivan del principio acusatorio o los aspectos esenciales de la responsabilidad personal subsidiaria) se analizan rigurosamente en esta obra teniendo en cuanta los estudios de la doctrina cientf̕ica y, sobre todo, la jurisprudencia del Tribunal Supremo y del Tribunal Constitucional. 
506 1 |a Disponible solo en los productos indicados  |d vLex Global  |d vLex Global (Academic Edition, excluding Law Schools)  |d vLex Global (U.S. Academic Edition, Law Schools)  |d vLex Global (U.S. Academic Edition, excluding Law Schools)  |d vLex Global (Academic Edition, Law Schools) 
650 0 4 |a Derecho Penal  |z Espaą 
740 0 |a vLex Libros (Servicio en ln̕ea) 
856 4 0 |u https://app.vlex.com/#/sources/33665  |z Acceso restringido 
942 |c BOOK 
999 0 |a Criminal law